Network Intrusion Detection via Similarity Search
Uložené v:
| Hlavný autor: | |
|---|---|
| Ďalší autori: | |
| Médium: | Rukopis Kniha |
| Jazyk: | Slovak English |
| Vydavateľské údaje: |
Bratislava :
STU v Bratislave FEI,
2020
|
| Predmet: | |
| On-line prístup: | https://opac.crzp.sk/?fn=detailBiblioForm&sid=FD287398550734C84EBF10BBBA89&seo=CRZP-detail-kniha |
| Tagy: |
Žiadne tagy, Buďte prvý, kto otaguje tento záznam!
|
MARC
| LEADER | 00000ntm a22000003a 4500 | ||
|---|---|---|---|
| 001 | stuzp78214 | ||
| 003 | SK-STU | ||
| 005 | 20200716140501.1 | ||
| 007 | ta | ||
| 008 | 150427s2015----xo-----f-mn---000-0-slo-d | ||
| 040 | |a STU |b slo | ||
| 041 | 0 | |a eng | |
| 044 | |a xo | ||
| 100 | 1 | |a Mikulovský, Dávid |u 035000 |4 aut |U FEI Fakulta elektrotechniky a informatiky |T FEI Ústav informatiky a matematiky |X 76042 |U E050 |Y 816 |7 76042 | |
| 242 | 0 | 1 | |a Network Intrusion Detection via Similarity Search |y slo |
| 245 | 1 | 0 | |a Network Intrusion Detection via Similarity Search |
| 260 | |a Bratislava : | ||
| 260 | |b STU v Bratislave FEI, | ||
| 260 | |c 2020 | ||
| 300 | |a 68 s. | ||
| 650 | 4 | |a zabezpečenie siete |2 slo | |
| 650 | 4 | |a systémy prevencie pred prienikom |2 slo | |
| 650 | 4 | |a systémy detekcie narušenia |2 slo | |
| 650 | 4 | |a detekcia anomálií |2 slo | |
| 650 | 4 | |a vyhľadávanie podobností |2 slo | |
| 650 | 4 | |a Intrusion Detection Systems |2 eng | |
| 650 | 4 | |a Similarity Search |2 eng | |
| 650 | 4 | |a Network Security |2 eng | |
| 650 | 4 | |a Intrusion Prevention Systems |2 eng | |
| 650 | 4 | |a Anomaly Detection |2 eng | |
| 700 | 1 | |a Šrámka, Michal |u 035000 |k Z1 |4 ths |U FEI Fakulta elektrotechniky a informatiky |T FEI Ústav informatiky a matematiky |X 62214 |U E050 |Y 816 |7 A000062214 | |
| 856 | 4 | |u https://opac.crzp.sk/?fn=detailBiblioForm&sid=FD287398550734C84EBF10BBBA89&seo=CRZP-detail-kniha | |